00469nam a22001697a 450000500170000001000130001702000260003003500130005603700090006908200100007810000250008824500500011326000350016327000600019830000220025850000190028020181030123909.0 aB-710672 a9780670058587c395.00 aB-710672 bGift a954.2 aNarasimha Rao, P.V.  aAyodhya 6 December 1992 /cP.V. Narasimha Rao aNew DelhibPenguin Groupc2006 a11 Community Centre, Panchsheel ParkbNew Delhie110017 a317p.c21cm (pbk) aincludes index